Statistics for Order of the Phoenix Deaths - Harry Potter

Click here to take the quiz!

General Stats

  • This quiz has been taken 174 times
  • The average score is 9 of 17

Answer Stats

Hint about DeathKillerVictim% Correct
Fell through the veil in the Ministry.Bellatrix LestrangeSirius Black
98%
Fell off the Astronomy Tower.Severus SnapeAlbus Dumbledore
82%
Tried to defend his wife and son.VoldemortJames Potter
80%
Tried to defend her son.VoldemortLily Potter
79%
Died in The Battle of the Seven Potters.Severus SnapeAlastor Moody
74%
Died in The Battle of Hogwarts with her husband.Unknown Death EaterNymphadora Tonks
74%
Strangled by his magical hand.HimselfPeter Pettigrew
72%
Died in battle in The Battle of Hogwarts.Antonin DolohovRemus Lupin
69%
Nagini attack in The Battle of Hogwarts.Nagini/VoldemortSeverus Snape
69%
Harry has his golden watch. Brother of [below]5 Death EatersFabian Prewett
45%
Brother of [above]. They fought like heroes against the Death Eaters that killed them.5 Death EatersGideon Prewett
45%
Killed two weeks after the Order of the Phoenix's photo was taken.UnknownMarlene McKinnon
24%
Dragged away by Death Eaters. Member of the advance guard that escorted Harry from the Dursley's in Book 5.Voldemort or Death EaterEmmeline Vance
23%
"They got him and his family. He was a great wizard." -Mad-Eye MoodyUnknownEdgar Bones
16%
Only ever found in pieces.UnknownBenjy Fenwick
11%
Killed by You-Know-Who personally.VoldemortDorcas Meadowes
11%
They never found this guy's body.UnknownCaradoc Dearborn
10%

Score Distribution

Percentile by Number Answered

Percent of People with Each Score

Your Score History

You have not taken this quiz